zpět

Detail výsledku týmu

Pizza-Doma ST, Plzeň

Datum a čas kvízu

29 Celkem bodů Celkový počet nahraných bodů na tomto kvízu bez doplňovacích otázek.
3. Pořadí na kvízu Konečné umístění týmu na tomto kvízu.

Zaznamenané odpovědi

# Otázka Odpověď Body Výsledky
1. Jistý zlomyslný muž odstranil... v Brně 1
2. Jihokorejská vláda nasadila na... na hledání štěnic 0
3. Jeden z nejkrásnějších, ale té... Jennifer Lopez, Ben Affleck 1
4. Fanoušci značky Škoda vybrali... Kylaq 0
5. Minulý týden došlo ke zveřejně... Jannik Sinner 1
6. Historie Texasu je těsně spoje... San Antonio 0
7. Hranici mezi Texasem a Mexikem... Colorado 0
8. V jižním cípu Texasu se nacház... Boca Chica 1
9. Jak se jmenuje hlavní město Te... Austin 0
10. Mezi několik známých osobností... Eva Longoria, Zoufalé manželky 1